[Event "DEM U12/U12w 2015"]
[Site "Willingen GER"]
[Date "2015.05.25"]
[Round "4"]
[White "Glinzner, Alva"]
[Black "Ziegenfuß, Larissa"]
[Result "1/2-1/2"]
[Termination "normal"]
[Board "33"]
[WhiteElo "1257"]
[BlackElo "1574"]
[PlyCount "99"]
[WhiteFideId "16206169"]
[BlackFideId "12974722"]
[EventCountry "GER"]
[EventRounds "11"]
[EventType "swiss"]
[EventDate "2015.05.23"]

1. e4 e5 2. Bc4 Nf6 3. Nc3 Nc6 4. d3 Bc5 5. Bg5 Be7 6. Nf3 d6 7. Bb5 Bd7 8. O-O
a6 9. Ba4 O-O 10. Re1 b5 11. Bb3 Bg4 12. h3 Bh5 13. Re3 Nd4 14. Kf1 Bxf3 15.
gxf3 Nh5 16. Bxe7 Qxe7 17. Nd5 Qd8 18. Ke1 c6 19. Nc3 Nf4 20. Kd2 Qh4 21. Qg1
Qxh3 22. Qg3 Qxg3 23. fxg3 Ng2 24. Re2 Nxe2 25. Nxe2 a5 26. a3 g6 27. Rg1 Kg7
28. Rxg2 Rae8 29. c4 Rb8 30. Kc2 a4 31. Ba2 f5 32. cxb5 cxb5 33. Nc3 fxe4 34.
fxe4 Rfc8 35. Kd2 b4 36. Nxa4 bxa3 37. bxa3 Rc7 38. Ke3 Ra7 39. Nb2 Rxa3 40.
Nc4 Ra6 41. Kf3 h5 42. Rh2 Rf8+ 43. Ke3 Kh6 44. Bb3 g5 45. g4 h4 46. Nd2 Rf4
47. Be6 Rf6 48. Bf5 Rf8 49. Rh3 Rb8 50. Rh1 1/2-1/2

[Event "DEM U12/U12w 2015"]
[Site "Willingen GER"]
[Date "2015.05.25"]
[Round "4"]
[White "Kirsten, Annika"]
[Black "Delgado, Celina"]
[Result "0-1"]
[Termination "normal"]
[Board "34"]
[WhiteElo "1267"]
[BlackElo "1153"]
[PlyCount "140"]
[WhiteFideId "12961124"]
[BlackFideId "12993735"]
[EventCountry "GER"]
[EventRounds "11"]
[EventType "swiss"]
[EventDate "2015.05.23"]

1. e4 e5 2. Nf3 Nc6 3. Bc4 Bc5 4. c3 Nf6 5. d3 h6 6. O-O O-O 7. Nbd2 d6 8. Re1
Re8 9. Nf1 Qe7 10. Ng3 Be6 11. Bb3 Bxb3 12. axb3 Rad8 13. Be3 Bb6 14. d4 exd4
15. cxd4 Qd7 16. d5 Ne5 17. Bxb6 axb6 18. Nxe5 dxe5 19. Qf3 Qg4 20. Qc3 Rd7 21.
h3 Qf4 22. Ra7 Rb8 23. Qc2 Ne8 24. Re3 Qf6 25. Nf5 Nd6 26. Nxd6 Qxd6 27. Rg3 c6
28. Rd3 Qf8 29. dxc6 Rxd3 30. Qxd3 bxc6 31. Qd7 Rc8 32. Rb7 Rb8 33. Rxb8 Qxb8
34. Qxc6 Qd8 35. Qd5 Qxd5 36. exd5 Kf8 37. Kf1 Ke7 38. Ke2 Kd6 39. f3 Kxd5 40.
Kd3 f5 41. Ke3 g6 42. g3 b5 43. h4 g5 44. hxg5 hxg5 45. Kd3 f4 46. g4 b4 47.
Ke2 Kd4 48. Kd2 e4 49. fxe4 Kxe4 50. Ke2 f3+ 51. Kf2 Kf4 52. Kf1 Kxg4 53. Kf2
Kf4 54. Kg1 Ke3 55. Kh2 Ke2 56. Kg3 f2 57. Kg4 f1=Q 58. Kh5 Ke3 59. Kg4 Qf4+
60. Kh5 Ke4 61. Kg6 g4 62. Kh5 g3 63. Kg6 g2 64. Kh5 g1=N 65. Kg6 Ke5 66. Kh5
Ke6 67. Kg6 Qf6+ 68. Kh5 Qg7 69. Kh4 Kf5 70. Kh5 Qg5# 0-1

[Event "DEM U12/U12w 2015"]
[Site "Willingen GER"]
[Date "2015.05.25"]
[Round "4"]
[White "Knape, Albert"]
[Black "Eulitz, Charlotte"]
[Result "1/2-1/2"]
[Termination "normal"]
[Board "35"]
[WhiteElo "1222"]
[BlackElo "1476"]
[PlyCount "130"]
[WhiteFideId "16208919"]
[BlackFideId "12964654"]
[EventCountry "GER"]
[EventRounds "11"]
[EventType "swiss"]
[EventDate "2015.05.23"]

1. e4 e5 2. Nf3 Nc6 3. Bc4 Bc5 4. d3 d6 5. h3 h6 6. Nc3 Nf6 7. O-O Be6 8. Bb3
O-O 9. Be3 Bb6 10. Qe2 d5 11. Bxb6 axb6 12. Rad1 d4 13. Nb5 Re8 14. Na3 Qe7 15.
Nc4 Qc5 16. a3 b5 17. Ncd2 b4 18. Bxe6 Rxe6 19. Nc4 b5 20. axb4 Qxb4 21. Ncd2
Ra2 22. Rb1 Rxb2 23. Rxb2 Qxb2 24. Rb1 Qxc2 25. Rxb5 g6 26. Kf1 Nh5 27. g3 Kf8
28. Ke1 Ke7 29. Nc4 Qxe2+ 30. Kxe2 f6 31. Nh4 g5 32. Nf5+ Kf7 33. Nxh6+ Kg6 34.
Nf5 Ne7 35. Nxe7+ Rxe7 36. Rb7 Ng7 37. Nb6 Ne6 38. Nd5 Rh7 39. Ra7 Nc5 40. Rxc7
Rxc7 41. Nxc7 f5 42. f3 fxe4 43. fxe4 Nd7 44. Nd5 Kh5 45. Kf2 Nc5 46. Ke2 Kh6
47. Nf6 Kg6 48. Ng4 Nd7 49. Kd1 Kf7 50. Kc2 Ke6 51. Nh2 Nf6 52. g4 Nd7 53. Nf1
Nf8 54. Ng3 Ng6 55. Nh1 Nf4 56. Nf2 Kf6 57. Kb3 Ke6 58. Kb4 Kf6 59. Kc5 Ke6 60.
Kc6 Ng6 61. Kc7 Nf4 62. Kc6 Ng6 63. Kc5 Nf4 64. Kc4 Kd6 65. Kb5 Ng6 1/2-1/2

[Event "DEM U12/U12w 2015"]
[Site "Willingen GER"]
[Date "2015.05.25"]
[Round "4"]
[White "Abele, Anais"]
[Black "Popist, Florian"]
[Result "0-1"]
[Termination "normal"]
[Board "36"]
[WhiteElo "1210"]
[BlackElo "1422"]
[PlyCount "120"]
[WhiteFideId "16208927"]
[BlackFideId "16203518"]
[EventCountry "GER"]
[EventRounds "11"]
[EventType "swiss"]
[EventDate "2015.05.23"]

1. e4 c5 2. Nf3 e6 3. d4 cxd4 4. c3 Nf6 5. e5 Nd5 6. cxd4 Nc6 7. Bd3 d6 8. O-O
Be7 9. Re1 dxe5 10. dxe5 O-O 11. Nbd2 Qc7 12. Nf1 Rd8 13. Qe2 Ndb4 14. Bb1 b6
15. Qe4 g6 16. Bh6 Bb7 17. Qg4 Nd3 18. Bxd3 Rxd3 19. Ng3 Qd7 20. Qa4 Nxe5 21.
Qxd7 Nxf3+ 22. gxf3 Rxd7 23. Kg2 Bf6 24. Rab1 Bg7 25. Bxg7 Kxg7 26. Rbd1 Rad8
27. Rxd7 Rxd7 28. Rc1 Rd3 29. Ne4 Bxe4 30. fxe4 Rd2 31. Rb1 Kf6 32. Kf3 h5 33.
Ke3 Rc2 34. a3 b5 35. h3 a5 36. b4 Rc3+ 37. Kd4 Rxa3 38. bxa5 Rxa5 39. Kc5 Ra3
40. Rxb5 Rxh3 41. Kd4 Rf3 42. Rb2 g5 43. e5+ Kf5 44. Rb7 Rf4+ 45. Ke3 Kxe5 46.
Rb5+ Kf6 47. Rb1 Kf5 48. Rh1 h4 49. Rh3 f6 50. Rh1 e5 51. Rh3 e4 52. Rh1 Rf3+
53. Ke2 Kf4 54. Rh2 f5 55. Rh1 g4 56. Rh2 Ra3 57. Kf1 h3 58. Ke2 Ra2+ 59. Kf1
Kf3 60. Ke1 e3 0-1

[Event "DEM U12/U12w 2015"]
[Site "Willingen GER"]
[Date "2015.05.25"]
[Round "4"]
[White "Kühne, Maria"]
[Black "Peters, Malte"]
[Result "1-0"]
[Termination "normal"]
[Board "37"]
[WhiteElo "1401"]
[BlackElo "1007"]
[PlyCount "127"]
[WhiteFideId "12997412"]
[BlackFideId "16208978"]
[EventCountry "GER"]
[EventRounds "11"]
[EventType "swiss"]
[EventDate "2015.05.23"]

1. e4 c5 2. b3 Nc6 3. Bb2 Nf6 4. e5 Nd5 5. Nf3 b6 6. Nc3 Nxc3 7. Bxc3 g6 8. e6
f6 9. Bb5 Bb7 10. Qe2 d6 11. O-O Bg7 12. Ng5 Qc7 13. Nf7 O-O 14. Bxc6 Qxc6 15.
f3 Qc8 16. Rfe1 Bd5 17. Rad1 Qxe6 18. Qxe6 Bxe6 19. Nxd6 exd6 20. Rxe6 d5 21.
d4 f5 22. Bb2 Kf7 23. Re2 Rfe8 24. Kf2 Re6 25. Rxe6 Kxe6 26. Re1+ Kd6 27. dxc5+
bxc5 28. Bxg7 d4 29. Bf6 h6 30. f4 Rg8 31. Be7+ Kd5 32. Re5+ Kc6 33. Bxc5 a6
34. Bxd4 Kd7 35. c3 Rf8 36. Ke3 g5 37. h3 g4 38. hxg4 fxg4 39. Rh5 Re8+ 40. Be5
Re6 41. Rh4 Rg6 42. Ke4 Ke7 43. Kf5 Kf7 44. Rxg4 Rc6 45. Rg7+ Kf8 46. Rc7 Rb6
47. g4 a5 48. Ra7 Rb5 49. Ke6 Rb6+ 50. Bd6+ Kg8 51. Rxa5 Rb7 52. c4 Rg7 53.
Ra8+ Kh7 54. Rh8+ Kg6 55. Rxh6+ Kxh6 56. Bf8 Kh7 57. Bxg7 Kg8 58. c5 Kh7 59. c6
Kg6 60. c7 Kh7 61. c8=Q Kg6 62. Qe8+ Kh7 63. Qh8+ Kg6 64. Qh6# 1-0

[Event "DEM U12/U12w 2015"]
[Site "Willingen GER"]
[Date "2015.05.25"]
[Round "4"]
[White "Sinnhöfer, Lilian"]
[Black "Schneider, Edward"]
[Result "0-1"]
[Termination "normal"]
[Board "38"]
[WhiteElo "1106"]
[BlackElo "1395"]
[PlyCount "108"]
[WhiteFideId "12977586"]
[BlackFideId "16200870"]
[EventCountry "GER"]
[EventRounds "11"]
[EventType "swiss"]
[EventDate "2015.05.23"]

1. e4 e5 2. Nf3 Nc6 3. d4 exd4 4. Nxd4 Bc5 5. Be3 Qf6 6. c3 Qg6 7. Qf3 a6 8.
Bd3 Ne5 9. Qe2 Nxd3+ 10. Qxd3 Qxg2 11. Rf1 Qxh2 12. Nf3 Qd6 13. Qxd6 Bxd6 14.
Rg1 Bf8 15. Nbd2 d6 16. O-O-O Be6 17. Ng5 h6 18. Ngf3 Ne7 19. e5 dxe5 20. Nxe5
f6 21. Ng6 Nxg6 22. Rxg6 Bf7 23. Rgg1 O-O-O 24. Nb3 Rxd1+ 25. Rxd1 Bxb3 26.
axb3 Bd6 27. Rg1 g5 28. Bd4 Be5 29. Bxe5 fxe5 30. Kd2 Kd7 31. Ke3 Ke6 32. Ke4
c6 33. b4 Rf8 34. f3 Rf4+ 35. Ke3 Kf5 36. Rg2 e4 37. fxe4+ Rxe4+ 38. Kf3 Rf4+
39. Ke3 g4 40. Rh2 Rf3+ 41. Ke2 Kg5 42. Rg2 h5 43. Rh2 h4 44. Rg2 Kf4 45. Rg1
g3 46. Rh1 Rf2+ 47. Ke1 Kg4 48. Kd1 g2 49. Rg1 Rf1+ 50. Rxf1 gxf1=Q+ 51. Kc2 h3
52. Kb3 b5 53. Ka3 Qa1+ 54. Kb3 Qa4# 0-1

[Event "DEM U12/U12w 2015"]
[Site "Willingen GER"]
[Date "2015.05.25"]
[Round "4"]
[White "Creß, Bastian"]
[Black "Nguyen, Vanessa"]
[Result "0-1"]
[Termination "normal"]
[Board "39"]
[WhiteElo "1387"]
[BlackElo "923"]
[PlyCount "44"]
[WhiteFideId "16208846"]
[BlackFideId "12993492"]
[EventCountry "GER"]
[EventRounds "11"]
[EventType "swiss"]
[EventDate "2015.05.23"]

1. e4 e5 2. Nf3 Nc6 3. d4 exd4 4. Bc4 Nf6 5. O-O Bc5 6. Re1 O-O 7. e5 Nh5 8. g4
d5 9. exd6 Bxg4 10. dxc7 Qxc7 11. Bg5 Ne5 12. Nbd2 Rae8 13. Bf1 Nxf3+ 14. Nxf3
Rxe1 15. Qxe1 Bxf3 16. Bg2 Bg4 17. h3 Bd7 18. Qe2 Nf4 19. Bxf4 Qxf4 20. Re1 Qg5
21. Kh1 Bd6 22. Rg1 Qf4 0-1

[Event "DEM U12/U12w 2015"]
[Site "Willingen GER"]
[Date "2015.05.25"]
[Round "4"]
[White "Goltser, Ilja"]
[Black "Khamenya, Vitalia"]
[Result "1/2-1/2"]
[Termination "normal"]
[Board "40"]
[WhiteElo "1164"]
[BlackElo "1570"]
[PlyCount "124"]
[WhiteFideId "14174782"]
[BlackFideId "12959260"]
[EventCountry "GER"]
[EventRounds "11"]
[EventType "swiss"]
[EventDate "2015.05.23"]

1. e4 c5 2. Nc3 e6 3. f4 Nc6 4. Nf3 Rb8 5. Be2 d5 6. e5 Nh6 7. O-O Be7 8. d3
Nf5 9. Re1 O-O 10. Bf1 b5 11. a3 a5 12. Bd2 b4 13. axb4 axb4 14. Ne2 Bb7 15. c3
Ba8 16. Qc2 b3 17. Qc1 Qc7 18. Rd1 Rfd8 19. Be1 f6 20. d4 c4 21. g4 Nh6 22. h3
f5 23. g5 Nf7 24. h4 g6 25. Ng3 h6 26. Qd2 Kg7 27. Rdc1 Rh8 28. Qg2 hxg5 29.
hxg5 Na7 30. Kf2 Nb5 31. Rcb1 Qb6 32. Ke3 Nc7 33. Be2 Bb7 34. Bd2 Ra8 35. Qf1
Ra2 36. Qc1 Rha8 37. Be1 Qa5 38. Rxa2 bxa2 39. Ra1 Na6 40. Qc2 Nc7 41. Bd1 Bc6
42. Qe2 Ba4 43. Rxa2 Bxd1 44. Rxa5 Bxe2 45. Rxa8 Nxa8 46. Kxe2 Nb6 47. Kd1 Na4
48. Kc2 Nd8 49. b3 cxb3+ 50. Kxb3 Nb6 51. Nf1 Nc4 52. Bd2 Nc6 53. Ne3 Nb6 54.
c4 dxc4+ 55. Nxc4 Nd5 56. Ka4 Nc7 57. Na5 Nd8 58. Bb4 Bxb4 59. Kxb4 Nd5+ 60.
Kc5 Nxf4 61. Kd6 Kf8 62. Nc6 Nxc6 1/2-1/2

[Event "DEM U12/U12w 2015"]
[Site "Willingen GER"]
[Date "2015.05.25"]
[Round "4"]
[White "Basovskiy, Jana"]
[Black "Bardorz, Jana"]
[Result "1-0"]
[Termination "normal"]
[Board "41"]
[WhiteElo "1367"]
[BlackElo "1263"]
[PlyCount "117"]
[WhiteFideId "16208617"]
[BlackFideId "16208897"]
[EventCountry "GER"]
[EventRounds "11"]
[EventType "swiss"]
[EventDate "2015.05.23"]

1. e4 e5 2. Nf3 Nc6 3. Bc4 Nf6 4. Ng5 d5 5. exd5 Na5 6. Bb5+ c6 7. dxc6 bxc6 8.
Be2 h6 9. Nf3 e4 10. Ne5 Bd6 11. d4 exd3 12. Nxd3 Qc7 13. h3 O-O 14. O-O Bf5
15. Nc3 Rad8 16. b3 c5 17. Nb5 Bh2+ 18. Kh1 Qb8 19. Bb2 a6 20. Bxf6 gxf6 21.
Nc3 Kh7 22. Bg4 Bxd3 23. cxd3 Be5 24. Bf5+ Kh8 25. Qh5 Bf4 26. g3 Rg8 27. gxf4
Qxf4 28. Ne2 Qg5 29. Qxg5 fxg5 30. Rac1 Rd5 31. Be4 Re5 32. Rc3 f5 33. Bf3 g4
34. hxg4 fxg4 35. Be4 h5 36. Rfc1 Rgg5 37. Ng1 h4 38. f4 gxf3 39. Nxf3 Rxe4 40.
Nxg5 Rg4 41. Rxc5 Nb7 42. Rc8+ Kg7 43. R1c7+ Kg6 44. Rg8+ Kf5 45. Rf7+ Ke5 46.
Nf3+ Kd5 47. Rxg4 Nd6 48. Ra7 h3 49. Rxa6 h2 50. Rg5+ Ke6 51. Rg6+ Kf5 52.
Rgxd6 Kf4 53. Ra7 Ke3 54. Re7+ Kf2 55. Nd2 Kg3 56. Rf6 Kg4 57. Rg7+ Kh5 58. Ne4
Kh4 59. Rh6# 1-0

[Event "DEM U12/U12w 2015"]
[Site "Willingen GER"]
[Date "2015.05.25"]
[Round "4"]
[White "Ortlepp, Klaudia"]
[Black "Gutmann, Anna"]
[Result "1/2-1/2"]
[Termination "normal"]
[Board "42"]
[WhiteElo "1243"]
[BlackElo "1303"]
[PlyCount "133"]
[WhiteFideId "16206045"]
[BlackFideId "16208889"]
[EventCountry "GER"]
[EventRounds "11"]
[EventType "swiss"]
[EventDate "2015.05.23"]

1. e4 c5 2. Nc3 Nc6 3. f4 e6 4. Nf3 Be7 5. Bc4 b6 6. O-O Bb7 7. b3 d6 8. Bb2
Nf6 9. Qe1 e5 10. Qf2 O-O 11. fxe5 Nxe5 12. Nxe5 dxe5 13. Rad1 a6 14. Be2 c4
15. Kh1 cxb3 16. axb3 Nxe4 17. Nxe4 Bxe4 18. d3 Bc6 19. Bxe5 Bh4 20. Qf4 Bg5
21. Qg3 f6 22. Qg4 Bd7 23. Qc4+ Kh8 24. Bg3 Rc8 25. Qxa6 Rxc2 26. Bf3 Bc6 27.
Bxc6 Rxc6 28. Rfe1 Rc3 29. Qa3 Kg8 30. d4 Qd5 31. Bf2 Qxb3 32. Qxb3+ Rxb3 33.
d5 Rd8 34. Bg3 Rd7 35. d6 Kf8 36. Re2 Rb4 37. Rde1 Bf4 38. Bxf4 Rxf4 39. Rd2
Rc4 40. Red1 Rc6 41. Kg1 b5 42. Kf2 Rb6 43. Ke3 Kf7 44. Kf4 b4 45. h3 b3 46.
Rb2 g6 47. g3 Rb4+ 48. Kf3 h5 49. h4 Rb6 50. Rd3 g5 51. Rd1 Kg6 52. Rd5 Rdxd6
53. Rxd6 Rxd6 54. Rxb3 Rd4 55. hxg5 Kxg5 56. Rb5+ f5 57. Rb3 h4 58. gxh4+ Rxh4
59. Kg3 f4+ 60. Kg2 Rg4+ 61. Kf2 Kh4 62. Rb4 f3 63. Rxg4+ Kxg4 64. Kf1 Kf4 65.
Kf2 Ke4 66. Kf1 Ke3 67. Ke1 1/2-1/2

[Event "DEM U12/U12w 2015"]
[Site "Willingen GER"]
[Date "2015.05.25"]
[Round "4"]
[White "Kurzweil, Naemi"]
[Black "Marzisch, Darius"]
[Result "1-0"]
[Termination "normal"]
[Board "43"]
[WhiteElo "1232"]
[BlackElo "1499"]
[PlyCount "63"]
[WhiteFideId "12985708"]
[BlackFideId "12997480"]
[EventCountry "GER"]
[EventRounds "11"]
[EventType "swiss"]
[EventDate "2015.05.23"]

1. e4 e5 2. Bc4 Nf6 3. d3 Nc6 4. Nf3 Bc5 5. c3 O-O 6. d4 exd4 7. cxd4 Bb4+ 8.
Nbd2 Nxe4 9. O-O Bxd2 10. Bxd2 d5 11. Bb3 Bg4 12. Be3 Kh8 13. Rc1 f5 14. Ba4 f4
15. Bxc6 fxe3 16. Bxb7 exf2+ 17. Kh1 Rb8 18. Ba6 Rxb2 19. a4 Qd6 20. Qd3 Qh6
21. Ne5 Be2 22. Qa3 Rf6 23. Rxc7 Bxa6 24. Nf7+ Rxf7 25. Rxf7 Nf6 26. Rf8+ Ng8
27. Qxb2 Bxf1 28. Qxf2 Bxg2+ 29. Kxg2 Qd6 30. Qf1 Qb6 31. Qe1 Qxd4 32. Rxg8+
1-0

[Event "DEM U12/U12w 2015"]
[Site "Willingen GER"]
[Date "2015.05.25"]
[Round "4"]
[White "Ruppert, Paula"]
[Black "Zha, Kevin"]
[Result "0-1"]
[Termination "normal"]
[Board "44"]
[WhiteElo "1443"]
[BlackElo "1154"]
[PlyCount "84"]
[WhiteFideId "12979996"]
[BlackFideId "16208951"]
[EventCountry "GER"]
[EventRounds "11"]
[EventType "swiss"]
[EventDate "2015.05.23"]

1. e4 e5 2. Nf3 Nc6 3. d4 exd4 4. Bc4 Nf6 5. e5 d5 6. Bb5 Ne4 7. Nxd4 Bd7 8.
Bxc6 Bxc6 9. O-O Bc5 10. Be3 Bxd4 11. Bxd4 O-O 12. f3 Ng5 13. f4 Ne6 14. Nc3
Qh4 15. Qd2 Rae8 16. Rad1 b6 17. Ne2 Bb5 18. c3 c5 19. Bf2 Qg4 20. Rfe1 Bc6 21.
Bg3 Rd8 22. Qc2 Bb7 23. f5 Ng5 24. b4 d4 25. Rf1 Qe4 26. Qxe4 Nxe4 27. bxc5
Nxg3 28. hxg3 Ba6 29. Rfe1 d3 30. Nf4 d2 31. Re3 Rfe8 32. cxb6 axb6 33. Re4 g5
34. Nh5 Re7 35. Nf6+ Kg7 36. Rd4 Rxe5 37. Nh5+ Kh6 38. Rxd8 Re1+ 39. Kf2 Rxd1
40. g4 Rf1+ 41. Kg3 d1=Q 42. Rb8 Qe1+ 0-1

[Event "DEM U12/U12w 2015"]
[Site "Willingen GER"]
[Date "2015.05.25"]
[Round "4"]
[White "Fischer, Laura"]
[Black "Biermann, Sophie"]
[Result "1-0"]
[Termination "normal"]
[Board "45"]
[WhiteElo "1207"]
[BlackElo "1136"]
[PlyCount "59"]
[WhiteFideId "16208935"]
[BlackFideId "16208960"]
[EventCountry "GER"]
[EventRounds "11"]
[EventType "swiss"]
[EventDate "2015.05.23"]

1. e4 d5 2. exd5 Qxd5 3. Nc3 Qa5 4. d4 c6 5. Bd2 Qc7 6. Nf3 Bf5 7. Bc4 Nf6 8.
O-O e6 9. Bg5 Nbd7 10. Qe2 Bd6 11. Rfe1 O-O 12. Bd3 Bg4 13. Qe3 Bxf3 14. Qxf3
Bxh2+ 15. Kh1 Bd6 16. Ne4 Be7 17. Nxf6+ Nxf6 18. Bxf6 Bxf6 19. c3 Rfe8 20. g3
Rad8 21. Kg2 Qb6 22. b3 c5 23. dxc5 Qxc5 24. Rac1 Bxc3 25. Bxh7+ Kxh7 26. Rxc3
Qg5 27. Qxf7 Qd5+ 28. Rf3 a5 29. Rh1+ Qh5 30. Rxh5# 1-0

[Event "DEM U12/U12w 2015"]
[Site "Willingen GER"]
[Date "2015.05.25"]
[Round "4"]
[White "Fuchs, Emily"]
[Black "Rothenberg, Nina"]
[Result "0-1"]
[Termination "normal"]
[Board "46"]
[WhiteElo "946"]
[BlackElo "1174"]
[PlyCount "60"]
[WhiteFideId "16208986"]
[BlackFideId "16208943"]
[EventCountry "GER"]
[EventRounds "11"]
[EventType "swiss"]
[EventDate "2015.05.23"]

1. e4 e5 2. Nf3 Nc6 3. Bb5 a6 4. Bxc6 dxc6 5. Nc3 Bc5 6. Nxe5 Qd4 7. Nd3 Nf6 8.
Qe2 O-O 9. b3 Re8 10. Nxc5 Qxc5 11. Bb2 Qe7 12. f3 Be6 13. O-O-O b5 14. Rde1 c5
15. Kb1 c4 16. g3 cxb3 17. cxb3 c5 18. e5 Nd7 19. Qd1 c4 20. d4 cxb3 21. axb3
Qb4 22. d5 Bf5+ 23. Ka1 Rac8 24. Na2 Qc5 25. Qd4 Qxd4 26. Bxd4 Rc2 27. Nb4 Rd2
28. Be3 Rg2 29. Nxa6 Ra8 30. Rc1 Rxa6# 0-1

[Event "DEM U12/U12w 2015"]
[Site "Willingen GER"]
[Date "2015.05.26"]
[Round "5"]
[White "Tong, Kevin"]
[Black "Li, Simon"]
[Result "0-1"]
[Termination "normal"]
[Board "1"]
[WhiteElo "2017"]
[BlackElo "1907"]
[WhiteClock "00:04:52"]
[BlackClock "00:31:04"]
[PlyCount "66"]
[WhiteFideId "12913944"]
[BlackFideId "12972134"]
[EventCountry "GER"]
[EventRounds "11"]
[EventType "swiss"]
[EventDate "2015.05.23"]

1. e4 c5 2. Nf3 d6 3. d4 cxd4 4. Nxd4 Nf6 5. Nc3 g6 6. Be3 Bg7 7. f3 Nc6 8. Qd2
O-O 9. Bc4 Bd7 10. g4 Rc8 11. Be2 Ne5 12. O-O-O Nc4 13. Bxc4 Rxc4 14. h4 b5 15.
h5 Qa5 16. Kb1 Rfc8 17. hxg6 fxg6 18. Nb3 Qc7 19. e5 Ne8 20. Nd5 Qd8 21. Qh2 h5
22. Qh4 Kf7 23. Bg5 Bf8 24. Nd4 dxe5 25. gxh5 Bf5 26. hxg6+ Bxg6 27. Ne6 Qa5
28. Nd4 exd4 29. Qf4+ Nf6 30. Bxf6 Bxc2+ 31. Kc1 Be4+ 32. Nc3 Rxc3+ 33. Kd2
Re3+ 0-1

[Event "DEM U12/U12w 2015"]
[Site "Willingen GER"]
[Date "2015.05.26"]
[Round "5"]
[White "Yankelevich, Michael"]
[Black "Kopylov, Daniel"]
[Result "1/2-1/2"]
[Termination "normal"]
[Board "3"]
[WhiteElo "1810"]
[BlackElo "1812"]
[WhiteClock "01:02:43"]
[BlackClock "00:55:44"]
[PlyCount "45"]
[WhiteFideId "12921440"]
[BlackFideId "12921971"]
[EventCountry "GER"]
[EventRounds "11"]
[EventType "swiss"]
[EventDate "2015.05.23"]

1. e4 e6 2. d4 d5 3. exd5 exd5 4. Bd3 Bd6 5. c3 Ne7 6. Ne2 Bf5 7. Bf4 O-O 8.
O-O c6 9. Bxd6 Qxd6 10. Ng3 Bxd3 11. Qxd3 Qg6 12. Qxg6 Nxg6 13. Nf5 Nd7 14. Re1
Nf6 15. Nd2 Rfe8 16. Nd6 Rxe1+ 17. Rxe1 b6 18. Nf5 Kf8 19. g3 Re8 20. Rxe8+
Nxe8 21. f4 Ne7 22. Nxe7 Kxe7 23. Kf2 1/2-1/2

[Event "DEM U12/U12w 2015"]
[Site "Willingen GER"]
[Date "2015.05.26"]
[Round "5"]
[White "Weishäutel, Moritz"]
[Black "Meric, Geoffrey"]
[Result "1-0"]
[Termination "normal"]
[Board "4"]
[WhiteElo "1963"]
[BlackElo "1476"]
[WhiteClock "00:34:18"]
[BlackClock "00:01:13"]
[PlyCount "101"]
[WhiteFideId "12967300"]
[BlackFideId "26092891"]
[EventCountry "GER"]
[EventRounds "11"]
[EventType "swiss"]
[EventDate "2015.05.23"]

1. e4 c5 2. Nf3 Nc6 3. Nc3 d6 4. Bc4 a6 5. d4 cxd4 6. Nxd4 e5 7. Nxc6 bxc6 8.
O-O Be7 9. f4 Nf6 10. fxe5 dxe5 11. Qxd8+ Bxd8 12. Be3 O-O 13. Rad1 Be7 14. Rd3
Bb4 15. Bg5 Bc5+ 16. Kh1 Ng4 17. Rdf3 Nf2+ 18. R3xf2 Bxf2 19. Rxf2 Be6 20. Bxe6
fxe6 21. Rxf8+ Rxf8 22. Kg1 h6 23. Be3 Rb8 24. b3 Kf7 25. Kf2 g5 26. Ke2 Kf6
27. Na4 Rd8 28. Nc5 a5 29. Bd2 Ra8 30. Bc3 h5 31. Nd7+ Kg7 32. Nxe5 a4 33. Nd7+
Kg6 34. Nb6 Rf8 35. Nxa4 g4 36. Nc5 h4 37. a4 g3 38. hxg3 hxg3 39. Be1 Kh5 40.
Nxe6 Rf6 41. Nd4 Kg4 42. Nf3 c5 43. e5 Rc6 44. a5 c4 45. b4 c3 46. b5 Rc5 47.
b6 Rxa5 48. e6 Rb5 49. e7 Ra5 50. e8=Q Re5+ 51. Nxe5+ 1-0

[Event "DEM U12/U12w 2015"]
[Site "Willingen GER"]
[Date "2015.05.26"]
[Round "5"]
[White "Zimmer, Raphael"]
[Black "Englert, Jon"]
[Result "1-0"]
[Termination "normal"]
[Board "5"]
[WhiteElo "1977"]
[BlackElo "1682"]
[WhiteClock "00:52:07"]
[BlackClock "00:06:52"]
[PlyCount "157"]
[WhiteFideId "12978841"]
[BlackFideId "12992275"]
[EventCountry "GER"]
[EventRounds "11"]
[EventType "swiss"]
[EventDate "2015.05.23"]

1. e4 d6 2. Bc4 Nf6 3. d3 g6 4. Nc3 Bg7 5. f4 O-O 6. Nf3 Nc6 7. a3 Bg4 8. Be3
e5 9. f5 gxf5 10. h3 Bxf3 11. gxf3 f4 12. Bf2 Ne7 13. Qe2 Kh8 14. O-O-O c5 15.
Rdg1 a6 16. h4 b5 17. Bb3 Rb8 18. h5 h6 19. Bh4 Qe8 20. Rxg7 Kxg7 21. Rg1+ Kh7
22. Bxf6 Rg8 23. Qh2 Nc6 24. Rxg8 Qxg8 25. Qh3 Nd4 26. Qd7 Rf8 27. Nd1 Nxb3+
28. cxb3 Qg3 29. Qxd6 Kg8 30. Bxe5 Qg5 31. Qxa6 Qxe5 32. Qxh6 Rd8 33. Nf2 Rd6
34. Ng4 Rxh6 35. Nxe5 Rxh5 36. Nd7 Kg7 37. a4 b4 38. a5 Rh1+ 39. Kc2 Rh2+ 40.
Kb1 Rh1+ 41. Ka2 Rh8 42. Nxc5 Ra8 43. a6 Kf6 44. d4 Ke7 45. Kb1 Rd8 46. a7 Ra8
47. Nd3 Rxa7 48. Nxb4 Ke6 49. Nd3 Rc7 50. Nxf4+ Kd7 51. Nd5 Rc6 52. b4 Kd6 53.
Ne3 Kd7 54. f4 Rh6 55. Kc2 Rh4 56. Nd5 Rh3 57. f5 Kd6 58. Nc3 f6 59. Kb3 Rh2
60. Nd5 Rh6 61. Kc4 Kc6 62. b5+ Kd6 63. Nxf6 Rh2 64. e5+ Ke7 65. Nd5+ Ke8 66.
b4 Rc2+ 67. Kd3 Rc8 68. e6 Rd8 69. Ke4 Rc8 70. Ke5 Rd8 71. f6 Rc8 72. b6 Rb8
73. b5 Rc8 74. b7 Rb8 75. f7+ Kf8 76. Nb6 Ke7 77. Nd7 Rc8 78. bxc8=N+ Kd8 79.
f8=Q+ 1-0

[Event "DEM U12/U12w 2015"]
[Site "Willingen GER"]
[Date "2015.05.26"]
[Round "5"]
[White "Röhr, Tobias"]
[Black "Pajeken, Jakob Leon"]
[Result "0-1"]
[Termination "normal"]
[Board "6"]
[WhiteElo "1742"]
[BlackElo "1797"]
[WhiteClock "00:11:01"]
[BlackClock "00:42:03"]
[PlyCount "92"]
[WhiteFideId "12963089"]
[BlackFideId "12942839"]
[EventCountry "GER"]
[EventRounds "11"]
[EventType "swiss"]
[EventDate "2015.05.23"]

1. d4 d5 2. c4 dxc4 3. e4 c5 4. d5 e6 5. Bxc4 Nf6 6. Nc3 exd5 7. Nxd5 Nxd5 8.
Bxd5 Be7 9. Qb3 O-O 10. Nf3 Nc6 11. O-O Qc7 12. Be3 Bg4 13. Nd2 Nb4 14. Bc4 a6
15. f3 Bd7 16. a3 Nc6 17. Rac1 Na5 18. Qc2 Nxc4 19. Nxc4 b5 20. Nd2 c4 21. a4
Bc5 22. Bxc5 Qxc5+ 23. Kh1 Rac8 24. Rfd1 Rfd8 25. axb5 axb5 26. Nb1 Be6 27. b3
b4 28. bxc4 Qxc4 29. Qxc4 Rxd1+ 30. Rxd1 Bxc4 31. h3 g6 32. Rc1 Be6 33. Rxc8+
Bxc8 34. Nd2 Be6 35. Kg1 b3 36. Kf2 b2 37. Ke3 Ba2 38. f4 b1=Q 39. Nxb1 Bxb1
40. g4 f5 41. exf5 gxf5 42. g5 Kg7 43. Kf3 Kg6 44. Kg3 Kh5 45. Kg2 Kh4 46. Kh2
Be4 0-1

[Event "DEM U12/U12w 2015"]
[Site "Willingen GER"]
[Date "2015.05.26"]
[Round "5"]
[White "Lieberwirth, Kasimir"]
[Black "Nguyen, Alex Dac-Vuong"]
[Result "1-0"]
[Termination "normal"]
[Board "7"]
[WhiteElo "1638"]
[BlackElo "1885"]
[WhiteClock "00:08:11"]
[BlackClock "00:40:35"]
[PlyCount "73"]
[WhiteFideId "12988146"]
[BlackFideId "12984388"]
[EventCountry "GER"]
[EventRounds "11"]
[EventType "swiss"]
[EventDate "2015.05.23"]

1. e4 e6 2. d4 d5 3. Nc3 Nf6 4. Bg5 Bb4 5. e5 h6 6. Bxf6 gxf6 7. Nf3 Nc6 8. Bb5
Bd7 9. Bxc6 Bxc6 10. O-O Rg8 11. Qd2 fxe5 12. Nxe5 Qh4 13. Rfe1 O-O-O 14. Nxf7
Rdf8 15. Ne5 Bd6 16. g3 Qh3 17. Nd1 Rg5 18. f4 Rgg8 19. Qg2 Qf5 20. c3 h5 21.
Nf2 Rg7 22. Nh3 Be7 23. Nf3 Bb5 24. Re5 Qg4 25. Nhg5 h4 26. h3 Qxg3 27. Qxg3
hxg3 28. Nxe6 Rfg8 29. Nxg7 Rxg7 30. Kg2 Bd6 31. Rg5 Rxg5 32. fxg5 Bd3 33. Ne5
Be4+ 34. Kxg3 Kd8 35. Rf1 c5 36. Kg4 Ke7 37. h4 1-0